Normal view
MARC view
Entry Personal Name
001 - CONTROL NUMBER
- control field: 14153
003 - CONTROL NUMBER IDENTIFIER
- control field: dpl
005 - DATE AND TIME OF LATEST TRANSACTION
- control field: 20100816161415.0
008 - FIXED-LENGTH DATA ELEMENTS
- fixed length control field: 100816|||a|||||| | ||| d
040 ## - CATALOGING SOURCE
- Original cataloging agency: dpl
- Transcribing agency: dpl
100 ## - HEADING--PERSONAL NAME
- Personal name: Gurdev Singh
670 ## - SOURCE DATA FOUND
- Source citation: Work cat.: (dpl): Gurdev Singh, Performance of formal rural credit in India /, 2009
670 ## - SOURCE DATA FOUND
- Source citation: Work cat.: (dpl): Gurdev Singh, Performance of formal rural credit in India /, 2009
